000 00514nam a22001697a 4500
003 CEME
005 20210628201759.0
008 210216b xxu||||| |||| 00| 0 eng d
020 _a81-7635-551-8
040 _c.
082 _a005.164 MOR
100 _aMorrison, Michael
_956812
245 _aSams teach yourself wireless java with j2me , in 21 days
260 _aNEW DELHI
_bTECHMEDIA
_c2001
650 _aTEACH YOURSELF WIRELESS JAVA WITH J2ME WIRELESS JAVA WITH J2ME JAVA WITH J2ME
_956813
942 _cBK
_2ddc
999 _c567154
_d567154